01113nas a2200205 4545000010006000000050017000060080037000230030015000600400040000750800077001152450026001920220014002182640032002323100427002641000057006916500016007486500035007646500012007998560096008111587420260407193505.0260407s1985####ag###########|||spa#dAR-UNSa-BCEJYS aAR-UNSa-BCEJYSbspacAR-UNSa-BCEJYS a311.3xOrganización general de las estadisticas. Estadística oficial10aEstadística mensual a0326-6214 1aBuenos Aires :bINDECc1985 aFrecuencia: Mensual La publicación de estos índices, efectuada hasta diciembre de 1984 (Nº 144) en fascículos independientes, a partir de enero de 1985 ha sido unificada en un sólo volumen, manteniéndose la numeración correlativa anterior. Asimismo, a partir del mes mencionado (Nº 145), la consideración del ítem Salarios se efectúa en un apartado específico, con el agragado de nueva información.1 aInstituto Nacional de Estadística y Censos (INDEC) aESTADISTICA aIndustria de la construcción aSalario41uhttps://biblioeco.unsa.edu.ar/pmb/images/revistas/R08056.jpgyImagen de portadaqimage/jpeg